The language of the gods in the world of men : (Record no. 40331)

MARC details
000 -LEADER
fixed length control field 02115nam a22003377a 4500
005 - DATE AND TIME OF LATEST TRANSACTION
control field 2010080907447.0
010 ## - LCCN (DPL NO)
LC control number ENG-99114 B-452515-519
020 ## - INTERNATIONAL STANDARD BOOK NUMBER
International Standard Book Number 8178242753
Terms of availability 695.00
035 ## - SYSTEM CONTROL NUMBER
System control number EN-82646 B-452515-519
037 ## - SOURCE OF ACQUISITION
Source of stock number/acquisition DBAD/PUB
037 ## - SOURCE OF ACQUISITION
Source of stock number/acquisition Virtuous Pub/Ven
082 ## - DEWEY DECIMAL CLASSIFICATION NUMBER
Classification number 810.9
100 ## - MAIN ENTRY--PERSONAL NAME
Personal name Pollock, Sheldon
245 ## - TITLE STATEMENT
Title The language of the gods in the world of men :
Remainder of title sanskrit, culture and power in premodern India /
Statement of responsibility, etc by Sheldon Pollock
260 ## - PUBLICATION, DISTRIBUTION, ETC. (IMPRINT)
Place of publication, distribution, etc Ranikhet
Name of publisher, distributor, etc Permanent Black
Date of publication, distribution, etc 2006
270 ## - ADDRESS
Address 'Himalayana; Mall Road, Ranikhet Cantt,
City Ranikhet
Postal code 263645
300 ## - PHYSICAL DESCRIPTION
Extent xiv,684p.
Dimensions 22cm (pbk)
Accompanying material maps
500 ## - GENERAL NOTE
General note Includes bibliographical references and index
650 ## - SUBJECT ADDED ENTRY--TOPICAL TERM
Topical term or geographic name as entry element Indic Literature
650 ## - SUBJECT ADDED ENTRY--TOPICAL TERM
Topical term or geographic name as entry element Literature & Society
650 ## - SUBJECT ADDED ENTRY--TOPICAL TERM
Topical term or geographic name as entry element Politics and Literture
650 ## - SUBJECT ADDED ENTRY--TOPICAL TERM
Topical term or geographic name as entry element Sanskrit Literture - Political Aspects
942 ## - ADDED ENTRY ELEMENTS (KOHA)
Source of classification or shelving scheme Dewey Decimal Classification
Item type English Books
Classification part 810.9
Call number suffix POL
Holdings
Withdrawn status Lost status Not for loan Collection code Home library Current library Date acquired Source of acquisition Cost, normal purchase price Full call number Barcode Copy number Cost, replacement price Koha item type
      Non-fiction Central Library Central Library 16/02/2012 Virtuous Pub/686/14.10.2011/05/15.09.2011/29.11.2011 695.00 810.9 POL B-452515 1 695.00 English Books
    Not For Loan Non-fiction D.B.Act.Division D.B.Act.Division 09/08/2010 DBAD/PUB 695.00 810.8 POL EN-82646 1 695.00 English Books
      Non-fiction Karol Bagh Karol Bagh 16/02/2012 Virtuous Pub/686/14.10.2011/05/15.09.2011/29.11.2011 695.00 810.9 POL B-452518 1 695.00 English Books
      Non-fiction Patel Nagar Patel Nagar 16/02/2012 Virtuous Pub/686/14.10.2011/05/15.09.2011/29.11.2011 695.00 810.9 POL B-452516 1 695.00 English Books
      Non-fiction Sarojini Nagar Sarojini Nagar 16/02/2012 Virtuous Pub/686/14.10.2011/05/15.09.2011/29.11.2011 695.00 810.9 POL B-452517 1 695.00 English Books
      Non-fiction Shahdara Branch Shahdara Branch 16/02/2012 Virtuous Pub/686/14.10.2011/05/15.09.2011/29.11.2011 695.00 810.9 POL B-452519 1 695.00 English Books

© Delhi Public Library
Hit Counter
free hit counter